[Event "94th Tradewise Hastings Congress"]
[Site "Hastings"]
[Date "2018.12.28"]
[Round "1"]
[White "Moore, Graham J"]
[Black "Korneev, Oleg"]
[Result "0-1"]
[WhiteElo "2235"]
[BlackElo "2550"]
[Annotator "ChessBase"]
[PlyCount "54"]
[EventDate "2018.12.28"]
[EventType "swiss"]
[EventCountry "ENG"]
[SourceTitle "playchess.com"]
[Source "ChessBase"]
[SourceQuality "1"]
[TimeControl "40/6000+30:3000+30"]

1. e4 {[%emt 0:00:00]} e5 {[%emt 0:00:00]} 2. Nf3 {[%emt 0:00:00]} Nc6 {[%emt 0:03:20]} 3. d4 {[%emt 0:00:10]} exd4 {[%emt 0:00:02]} 4. Nxd4 {[%emt 0:00:06]} Bc5 {[%emt 0:01:09]} 5. Nb3 {[%emt 0:00:16]} Bb6 {[%emt 0:00:06]} 6. Nc3 {[%emt 0:00:08]} Nf6 {[%emt 0:00:09]} 7. Qe2 {[%emt 0:00:21]} O-O {[%emt 0:00:28]} 8. Bg5 {[%emt 0:01:53]} h6 {[%emt 0:00:06]} 9. Bh4 {[%emt 0:01:16]} Nd4 {[%emt 0:08:08]} 10. Qd3 {[%emt 0:03:40]} Nxb3 {[%emt 0:03:43]} 11. cxb3 {[%emt 0:02:53]} c6 {[%emt 0:19:55]} 12. O-O-O {[%emt 0:02:18]} d5 {[%emt 0:15:04]} 13. e5 {[%emt 0:31:46]} Qc7 {[%emt 0:14:05]} 14. Bxf6 {[%emt 0:08:10]} gxf6 {[%emt 0:00:17]} 15. Qg3+ {[%emt 0:00:16]} Kh8 {[%emt 0:00:47]} 16. exf6 {[%emt 0:01:01]} Qxg3 {[%emt 0:00:11]} 17. hxg3 {[%emt 0:01:52]} Bxf2 {[%emt 0:00:13]} 18. Rxh6+ {[%emt 0:00:07]} Kg8 {[%emt 0:00:02]} 19. Rd3 {[%emt 0:03:40]} Re8 {[%emt 0:02:58]} 20. Kd2 {[%emt 0:06:53]} Be1+ {[%emt 0:18:41]} 21. Kd1 {[%emt 0:04:08]} Bf5 {[%emt 0:02:57]} 22. Rf3 {[%emt 0:01:35]} Bg4 {[%emt 0:00:44]} 23. Bd3 {[%emt 0:00:15]} Bxg3 {[%emt 0:07:20]} 24. Bh7+ {[%emt 0:00:51]} Kf8 {[%emt 0:00:03]} 25. Bd3 {[%emt 0:00:34]} Bxf3+ {[%emt 0:00:08]} 26. gxf3 {[%emt 0:00:14]} Re1+ {[%emt 0:00:14]} 27. Kc2 {[%emt 0:09:15]} Rc1+ {[%emt 0:00:11]} 0-1

[Event "94th Tradewise Hastings Congress"]
[Site "Hastings"]
[Date "2018.12.28"]
[Round "1"]
[White "Graham, David B"]
[Black "Petrov, Martin"]
[Result "0-1"]
[WhiteElo "2208"]
[BlackElo "2472"]
[Annotator "ChessBase"]
[PlyCount "58"]
[EventDate "2018.12.28"]
[EventType "swiss"]
[EventCountry "ENG"]
[SourceTitle "playchess.com"]
[Source "ChessBase"]
[SourceQuality "1"]
[TimeControl "40/6000+30:3000+30"]

1. e4 {[%emt 0:00:00]} c5 {[%emt 0:00:00]} 2. Nc3 {[%emt 0:00:00]} g6 {[%emt 0:00:00]} 3. f4 {[%emt 0:00:00]} Bg7 {[%emt 0:00:03]} 4. Nf3 {[%emt 0:00:03]} Nc6 {[%emt 0:00:17]} 5. Bc4 {[%emt 0:00:40]} e6 {[%emt 0:00:11]} 6. f5 {[%emt 0:00:25]} gxf5 {[%emt 0:00:37]} 7. d3 {[%emt 0:00:16]} Nge7 {[%emt 0:00:11]} 8. O-O {[%emt 0:00:24]} O-O {[%emt 0:00:09]} 9. Bf4 {[%emt 0:08:19]} a6 {[%emt 0:05:03]} 10. a4 d5 {[%emt 0:20:24]} 11. exd5 {[%emt 0:10:46]} exd5 {[%emt 0:00:07]} 12. Bb3 {[%emt 0:10:37]} Be6 {[%emt 0:14:35]} 13. Ne2 {[%emt 0:12:48]} c4 {[%emt 0:07:31]} 14. Ba2 {[%emt 0:01:11]} Ng6 {[%emt 0:08:50]} 15. Be3 {[%emt 0:16:47]} cxd3 {[%emt 0:08:17]} 16. cxd3 {[%emt 0:01:11]} d4 {[%emt 0:00:06]} 17. Bg5 {[%emt 0:04:22]} Qd7 {[%emt 0:01:25]} 18. Qd2 Rae8 {[%emt 0:07:55]} 19. Ng3 {[%emt 0:06:37]} Bxa2 {[%emt 0:02:37]} 20. Rxa2 {[%emt 0:00:06]} f6 {[%emt 0:00:25]} 21. Bf4 {[%emt 0:07:35]} Nce5 {[%emt 0:02:22]} 22. Ra3 {[%emt 0:00:58]} Ng4 {[%emt 0:01:15]} 23. Rb3 {[%emt 0:09:22]} Rf7 {[%emt 0:05:20]} 24. Rc1 {[%emt 0:03:54]} Nxf4 {[%emt 0:00:18]} 25. Rc4 {[%emt 0:03:10]} Bh6 {[%emt 0:01:37]} 26. Qa5 {[%emt 0:01:49]} Rfe7 {[%emt 0:04:46]} 27. Nxf5 {[%emt 0:02:57]} Qxf5 {[%emt 0:00:09]} 28. Qxf5 {[%emt 0:00:13]} Re1+ {[%emt 0:00:06]} 29. Nxe1 {[%emt 0:00:02]} Rxe1# 0-1

[Event "94th Tradewise Hastings Congress"]
[Site "Hastings"]
[Date "2018.12.28"]
[Round "1"]
[White "Stoyanov, Viktor"]
[Black "Lalic, Bogdan"]
[Result "1/2-1/2"]
[WhiteElo "2205"]
[BlackElo "2420"]
[Annotator "NA"]
[PlyCount "73"]
[EventDate "2018.12.28"]
[EventType "swiss"]
[EventCountry "ENG"]
[SourceTitle "playchess.com"]
[Source "ChessBase"]
[SourceQuality "1"]
[TimeControl "40/6000+30:3000+30"]

1. d4 {[%emt 0:00:00]} Nf6 {[%emt 0:00:00]} 2. Bf4 {[%emt 0:00:00]} d5 {[%emt 0:00:00]} 3. e3 {[%emt 0:00:00]} c5 {[%emt 0:00:00]} 4. c3 {[%emt 0:00:04]} Nc6 {[%emt 0:00:03]} 5. Nd2 {[%emt 0:00:11]} cxd4 {[%emt 0:00:13]} 6. exd4 {[%emt 0:00:12]} Bf5 {[%emt 0:00:12]} 7. Ngf3 {[%emt 0:01:05]} e6 {[%emt 0:00:13]} 8. Be2 {[%emt 0:01:40]} Be7 {[%emt 0:00:20]} 9. h3 {[%emt 0:01:26]} h6 {[%emt 0:00:36]} 10. Bh2 {[%emt 0:01:29]} O-O {[%emt 0:00:29]} 11. O-O {[%emt 0:00:46]} Ne4 {[%emt 0:00:40]} 12. Nxe4 {[%emt 0:11:13]} Bxe4 {[%emt 0:02:24]} 13. Re1 {[%emt 0:11:07]} a6 {[%emt 0:04:55]} 14. Bd3 {[%emt 0:09:04]} Bxd3 {[%emt 0:02:14]} 15. Qxd3 {[%emt 0:00:07]} Qb6 {[%emt 0:00:23]} 16. Re2 {[%emt 0:09:03]} Qb5 {[%emt 0:00:44]} 17. Qd1 {[%emt 0:08:21]} Rac8 {[%emt 0:00:45]} 18. Ne5 {[%emt 0:08:50]} Nxe5 {[%emt 0:00:22]} 19. Bxe5 {[%emt 0:00:06]} Rfe8 {[%emt 0:00:38]} 20. a4 {[%emt 0:06:23]} Qd7 {[%emt 0:00:20]} 21. Re3 {[%emt 0:01:40]} f6 {[%emt 0:05:51]} 22. Bf4 {[%emt 0:04:30]} Bd6 {[%emt 0:01:23]} 23. Qg4 {[%emt 0:04:21]} Bxf4 {[%emt 0:00:10]} 24. Qxf4 {[%emt 0:00:33]} Rc4 {[%emt 0:03:08]} 25. Qg4 {[%emt 0:03:29]} Rxa4 {[%emt 0:07:21]} 26. Rxa4 {[%emt 0:00:08]} Qxa4 {[%emt 0:00:05]} 27. Rxe6 {[%emt 0:00:08]} Qd7 {[%emt 0:00:20]} 28. Rxe8+ {[%emt 0:02:00]} Qxe8 {[%emt 0:00:06]} 29. Qf5 {[%emt 0:00:42]} Qc6 {[%emt 0:00:31]} 30. Kh2 {[%emt 0:00:27]} Kf7 {[%emt 0:00:08]} 31. h4 {[%emt 0:02:08]} a5 {[%emt 0:01:08]} 32. Qh5+ {[%emt 0:01:50]} Kf8 {[%emt 0:00:19]} 33. Qe2 {[%emt 0:00:40]} b5 {[%emt 0:01:04]} 34. Qd3 {[%emt 0:00:24]} b4 {[%emt 0:00:45]} 35. cxb4 {[%emt 0:00:19]} Qd6+ {[%emt 0:00:23]} 36. g3 {[%emt 0:00:55]} Qxb4 {[%emt 0:00:08]} 37. b3 {[%emt 0:00:13]} 1/2-1/2

[Event "94th Tradewise Hastings Congress"]
[Site "Hastings"]
[Date "2018.12.28"]
[Round "1"]
[White "Royset, Pal"]
[Black "Gormally, Daniel W"]
[Result "0-1"]
[WhiteElo "2182"]
[BlackElo "2478"]
[Annotator "ChessBase"]
[PlyCount "76"]
[EventDate "2018.12.28"]
[EventType "swiss"]
[EventCountry "ENG"]
[SourceTitle "playchess.com"]
[Source "ChessBase"]
[SourceQuality "1"]
[TimeControl "40/6000+30:3000+30"]

1. e4 {[%emt 0:00:37]} e5 {[%emt 0:00:00]} 2. Nf3 {[%emt 0:00:23]} Nf6 {[%emt 0:00:01]} 3. Nc3 {[%emt 0:00:43]} Bb4 {[%emt 0:00:37]} 4. Nd5 {[%emt 0:02:13]} Nxd5 {[%emt 0:03:07]} 5. exd5 {[%emt 0:00:09]} e4 {[%emt 0:02:29]} 6. Nd4 {[%emt 0:02:03]} O-O {[%emt 0:02:11]} 7. Bc4 {[%emt 0:07:57]} d6 {[%emt 0:08:24]} 8. O-O {[%emt 0:02:25]} Bc5 {[%emt 0:00:18]} 9. Nb3 {[%emt 0:01:54]} Bb6 {[%emt 0:00:04]} 10. d3 {[%emt 0:04:55]} exd3 {[%emt 0:00:16]} 11. Qxd3 {[%emt 0:01:57]} Nd7 {[%emt 0:00:47]} 12. Qg3 {[%emt 0:02:01]} Ne5 {[%emt 0:03:16]} 13. Bg5 {[%emt 0:02:22]} Qd7 {[%emt 0:03:14]} 14. Be2 {[%emt 0:07:24]} Qf5 {[%emt 0:01:01]} 15. c4 {[%emt 0:03:28]} Re8 {[%emt 0:03:28]} 16. Rac1 {[%emt 0:08:54]} Qg6 {[%emt 0:02:33]} 17. Rc3 {[%emt 0:05:45]} Bf5 {[%emt 0:05:34]} 18. h4 {[%emt 0:08:19]} h6 {[%emt 0:03:31]} 19. Bd2 {[%emt 0:01:22]} Qxg3 {[%emt 0:10:30]} 20. Rxg3 {[%emt 0:00:06]} Ng6 {[%emt 0:00:05]} 21. Bg4 {[%emt 0:06:07]} Bxg4 {[%emt 0:04:22]} 22. Rxg4 {[%emt 0:00:04]} h5 {[%emt 0:00:50]} 23. Rg5 {[%emt 0:02:47]} Re4 {[%emt 0:01:04]} 24. g3 {[%emt 0:02:07]} Ne5 {[%emt 0:01:40]} 25. Rxh5 {[%emt 0:02:55]} Nf3+ {[%emt 0:06:31]} 26. Kg2 {[%emt 0:00:13]} Nxd2 {[%emt 0:00:04]} 27. Nxd2 {[%emt 0:00:22]} Re2 {[%emt 0:00:03]} 28. Nb3 {[%emt 0:07:53]} Rxb2 {[%emt 0:01:12]} 29. Rf5 {[%emt 0:00:14]} Re8 {[%emt 0:01:02]} 30. Rc1 {[%emt 0:01:10]} Rxa2 {[%emt 0:01:37]} 31. c5 {[%emt 0:00:15]} dxc5 {[%emt 0:00:29]} 32. Nxc5 {[%emt 0:00:11]} Ree2 {[%emt 0:01:06]} 33. d6 {[%emt 0:02:45]} cxd6 {[%emt 0:01:23]} 34. Nxb7 {[%emt 0:00:47]} g6 {[%emt 0:01:24]} 35. Rc8+ {[%emt 0:01:49]} Kg7 {[%emt 0:00:18]} 36. Rf3 {[%emt 0:01:02]} Bxf2 {[%emt 0:02:16]} 37. Nd8 {[%emt 0:01:21]} Bb6+ {[%emt 0:01:11]} 38. Kf1 {[%emt 0:00:17]} Rh2 {[%emt 0:00:49]} 0-1

[Event "94th Tradewise Hastings Congress"]
[Site "Hastings"]
[Date "2018.12.28"]
[Round "1"]
[White "Sumit, Kumar"]
[Black "Cherniaev, Alexander"]
[Result "0-1"]
[WhiteElo "2179"]
[BlackElo "2393"]
[Annotator "NA"]
[PlyCount "71"]
[EventDate "2018.12.28"]
[EventType "swiss"]
[EventCountry "ENG"]
[SourceTitle "playchess.com"]
[Source "ChessBase"]
[SourceQuality "1"]
[TimeControl "40/6000+30:3000+30"]

1. e4 c5 {[%emt 0:00:00]} 2. Nf3 {[%emt 0:00:00]} e6 {[%emt 0:00:26]} 3. d3 {[%emt 0:00:06]} Nc6 {[%emt 0:00:08]} 4. g3 {[%emt 0:00:16]} Nge7 {[%emt 0:00:48]} 5. Bg2 {[%emt 0:00:10]} g6 {[%emt 0:00:06]} 6. O-O {[%emt 0:02:01]} Bg7 {[%emt 0:00:04]} 7. c3 {[%emt 0:00:47]} O-O {[%emt 0:00:07]} 8. Re1 {[%emt 0:01:12]} e5 {[%emt 0:00:47]} 9. Be3 {[%emt 0:07:44]} d6 {[%emt 0:03:00]} 10. a3 f5 {[%emt 0:03:12]} 11. Qb3+ {[%emt 0:16:39]} Kh8 {[%emt 0:00:22]} 12. Ng5 {[%emt 0:01:49]} f4 {[%emt 0:01:28]} 13. Bc1 {[%emt 0:01:00]} Qe8 14. Nd2 {[%emt 0:03:23]} Ng8 {[%emt 0:03:24]} 15. Ngf3 {[%emt 0:09:45]} Qe7 {[%emt 0:02:00]} 16. Qc2 {[%emt 0:08:19]} g5 {[%emt 0:02:11]} 17. Rd1 {[%emt 0:03:54]} Be6 {[%emt 0:08:21]} 18. b4 {[%emt 0:03:29]} Rf7 {[%emt 0:06:01]} 19. b5 {[%emt 0:11:32]} Na5 {[%emt 0:01:11]} 20. Bb2 {[%emt 0:08:58]} Raf8 {[%emt 0:00:10]} 21. d4 {[%emt 0:03:09]} Nc4 {[%emt 0:12:30]} 22. d5 {[%emt 0:09:09]} Nxd2 {[%emt 0:08:47]} 23. Nxg5 {[%emt 0:01:48]} Qxg5 {[%emt 0:03:05]} 24. dxe6 {[%emt 0:00:07]} Rf6 {[%emt 0:00:49]} 25. Qxd2 {[%emt 0:01:04]} Rxe6 {[%emt 0:00:33]} 26. f3 {[%emt 0:04:44]} h5 {[%emt 0:01:47]} 27. Bh3 {[%emt 0:07:22]} Rg6 {[%emt 0:05:35]} 28. Bf5 {[%emt 0:02:59]} Rxf5 {[%emt 0:00:20]} 29. exf5 {[%emt 0:00:05]} Qxf5 {[%emt 0:00:04]} 30. Qf2 {[%emt 0:00:21]} fxg3 {[%emt 0:07:36]} 31. hxg3 {[%emt 0:00:49]} Qh3 {[%emt 0:00:50]} 32. Qh2 {[%emt 0:00:45]} Qf5 {[%emt 0:00:53]} 33. Qf2 {[%emt 0:00:18]} Nh6 {[%emt 0:00:33]} 34. Kf1 {[%emt 0:01:02]} e4 {[%emt 0:04:29]} 35. fxe4 {[%emt 0:01:48]} Qxe4 {[%emt 0:00:19]} 36. Kg1 {[%emt 0:00:40]} 0-1

[Event "94th Tradewise Hastings Congress"]
[Site "Hastings"]
[Date "2018.12.28"]
[Round "1"]
[White "Anderson, John"]
[Black "Djuric, Stefan"]
[Result "1/2-1/2"]
[WhiteElo "2163"]
[BlackElo "2371"]
[Annotator "NA"]
[PlyCount "92"]
[EventDate "2018.12.28"]
[EventType "swiss"]
[EventCountry "ENG"]
[SourceTitle "playchess.com"]
[Source "ChessBase"]
[SourceQuality "1"]
[TimeControl "40/6000+30:3000+30"]

1. e4 {[%emt 0:00:00]} e5 {[%emt 0:00:00]} 2. Nf3 {[%emt 0:00:00]} Nc6 {[%emt 0:00:00]} 3. Bb5 {[%emt 0:00:06]} a6 {[%emt 0:00:00]} 4. Bxc6 {[%emt 0:00:10]} dxc6 {[%emt 0:00:00]} 5. O-O {[%emt 0:00:11]} f6 {[%emt 0:01:29]} 6. d4 {[%emt 0:00:16]} exd4 {[%emt 0:00:04]} 7. Nxd4 {[%emt 0:00:11]} Bd6 {[%emt 0:00:43]} 8. Nc3 {[%emt 0:01:00]} Ne7 {[%emt 0:02:34]} 9. Qh5+ {[%emt 0:01:49]} Ng6 {[%emt 0:01:51]} 10. Be3 {[%emt 0:00:10]} O-O {[%emt 0:01:17]} 11. Rad1 {[%emt 0:01:44]} Qe8 {[%emt 0:11:42]} 12. f4 {[%emt 0:01:18]} Bb4 {[%emt 0:04:45]} 13. Nde2 {[%emt 0:05:17]} f5 {[%emt 0:14:45]} 14. e5 {[%emt 0:00:50]} Be6 {[%emt 0:05:27]} 15. a3 {[%emt 0:03:20]} Be7 {[%emt 0:01:11]} 16. Nd4 {[%emt 0:06:18]} Bc4 {[%emt 0:01:21]} 17. Rfe1 {[%emt 0:03:25]} Qf7 {[%emt 0:03:28]} 18. Qf3 {[%emt 0:06:23]} Rad8 {[%emt 0:09:22]} 19. Qf2 {[%emt 0:04:35]} c5 {[%emt 0:08:51]} 20. Nf3 {[%emt 0:01:58]} b6 {[%emt 0:00:07]} 21. g3 {[%emt 0:02:49]} h6 {[%emt 0:00:14]} 22. h3 {[%emt 0:11:46]} Kh7 {[%emt 0:07:03]} 23. Kh2 {[%emt 0:01:04]} a5 {[%emt 0:01:22]} 24. Ng1 {[%emt 0:14:29]} Qe6 {[%emt 0:02:06]} 25. Qf3 {[%emt 0:00:59]} Ba6 {[%emt 0:08:36]} 26. Nge2 {[%emt 0:08:47]} Qc8 {[%emt 0:11:25]} 27. Nd5 {[%emt 0:08:06]} c4 {[%emt 0:02:59]} 28. h4 {[%emt 0:05:24]} Qa8 {[%emt 0:05:32]} 29. h5 {[%emt 0:00:43]} Nh8 {[%emt 0:00:03]} 30. Nec3 {[%emt 0:06:14]} Bb7 {[%emt 0:00:13]} 31. Rd2 {[%emt 0:00:18]} b5 {[%emt 0:00:02]} 32. Qd1 {[%emt 0:00:13]} b4 {[%emt 0:00:41]} 33. Nxe7 {[%emt 0:00:10]} bxc3 {[%emt 0:00:05]} 34. bxc3 {[%emt 0:00:21]} Bf3 {[%emt 0:00:32]} 35. Rxd8 {[%emt 0:01:18]} Rxd8 {[%emt 0:00:02]} 36. Qb1 {[%emt 0:00:15]} Rf8 {[%emt 0:03:45]} 37. Qb5 {[%emt 0:03:10]} Qe4 {[%emt 0:00:40]} 38. Bf2 {[%emt 0:01:22]} Qxc2 {[%emt 0:00:02]} 39. Kg1 {[%emt 0:00:04]} Qxc3 {[%emt 0:00:24]} 40. Qc5 {[%emt 0:00:23]} Ba8 {[%emt 0:00:15]} 41. Nd5 {[%emt 0:56:47]} Qf3 {[%emt 0:51:24]} 42. Qxf8 {[%emt 0:00:24]} Bxd5 {[%emt 0:00:32]} 43. Qxf5+ {[%emt 0:02:16]} Kg8 {[%emt 0:02:04]} 44. Qh3 Kh7 45. e6 Nf7 46. e7 Nd6 1/2-1/2

[Event "94th Tradewise Hastings Congress"]
[Site "Hastings"]
[Date "2018.12.28"]
[Round "1"]
[White "Taylor, Adam A"]
[Black "Murphy, Conor E"]
[Result "1/2-1/2"]
[WhiteElo "2122"]
[BlackElo "2331"]
[Annotator "NA"]
[PlyCount "82"]
[EventDate "2018.12.28"]
[EventType "swiss"]
[EventCountry "ENG"]
[SourceTitle "playchess.com"]
[Source "ChessBase"]
[SourceQuality "1"]
[TimeControl "40/6000+30:3000+30"]

1. Nf3 {[%emt 0:00:00]} d5 {[%emt 0:00:00]} 2. c4 {[%emt 0:00:21]} d4 {[%emt 0:00:00]} 3. e3 {[%emt 0:02:25]} Nc6 {[%emt 0:00:31]} 4. exd4 {[%emt 0:05:48]} Nxd4 {[%emt 0:02:40]} 5. Nxd4 {[%emt 0:00:19]} Qxd4 {[%emt 0:00:07]} 6. d3 {[%emt 0:01:11]} Nh6 {[%emt 0:04:14]} 7. Nc3 {[%emt 0:05:15]} c6 {[%emt 0:01:27]} 8. Be2 {[%emt 0:01:10]} Nf5 {[%emt 0:04:19]} 9. g4 {[%emt 0:17:00]} Nh4 {[%emt 0:03:49]} 10. Rg1 {[%emt 0:07:28]} Qe5 {[%emt 0:08:57]} 11. Rg3 {[%emt 0:04:13]} Bxg4 {[%emt 0:06:13]} 12. Rxg4 {[%emt 0:12:29]} Nf3+ {[%emt 0:00:32]} 13. Kf1 {[%emt 0:00:06]} Nxh2+ {[%emt 0:00:57]} 14. Kg1 {[%emt 0:03:25]} Nxg4 {[%emt 0:01:16]} 15. Bxg4 {[%emt 0:00:42]} f5 {[%emt 0:19:34]} 16. d4 {[%emt 0:08:55]} Qf6 {[%emt 0:02:51]} 17. Bf3 {[%emt 0:07:43]} Rd8 {[%emt 0:05:56]} 18. Qb3 {[%emt 0:02:01]} Rd7 {[%emt 0:08:52]} 19. d5 {[%emt 0:05:09]} e5 {[%emt 0:04:17]} 20. dxc6 {[%emt 0:03:50]} bxc6 {[%emt 0:00:24]} 21. Qb8+ {[%emt 0:00:06]} Rd8 {[%emt 0:02:04]} 22. Qxa7 {[%emt 0:13:55]} e4 {[%emt 0:03:13]} 23. Bh5+ {[%emt 0:01:53]} g6 {[%emt 0:00:11]} 24. Be2 {[%emt 0:00:03]} Bd6 {[%emt 0:11:16]} 25. c5 {[%emt 0:04:01]} Be5 {[%emt 0:03:21]} 26. Bc4 {[%emt 0:02:03]} Bxc3 {[%emt 0:04:56]} 27. bxc3 {[%emt 0:00:06]} f4 {[%emt 0:00:16]} 28. Qa4 {[%emt 0:01:04]} Kf8 {[%emt 0:06:38]} 29. Rb1 {[%emt 0:00:56]} Qg5+ {[%emt 0:01:45]} 30. Kf1 {[%emt 0:00:40]} Qh5 {[%emt 0:01:48]} 31. Ke1 {[%emt 0:00:19]} Qh1+ {[%emt 0:00:51]} 32. Bf1 {[%emt 0:00:08]} Qf3 {[%emt 0:01:11]} 33. Be2 {[%emt 0:00:15]} Qxc3+ {[%emt 0:00:40]} 34. Kf1 {[%emt 0:00:15]} Qh3+ {[%emt 0:00:30]} 35. Ke1 {[%emt 0:00:03]} Qc3+ {[%emt 0:00:57]} 36. Kf1 {[%emt 0:00:06]} Qh3+ {[%emt 0:00:45]} 37. Ke1 {[%emt 0:00:05]} Qh1+ {[%emt 0:00:21]} 38. Bf1 {[%emt 0:00:04]} Qf3 {[%emt 0:00:04]} 39. Be2 {[%emt 0:02:04]} Qh1+ {[%emt 0:00:05]} 40. Bf1 {[%emt 0:00:02]} Qf3 {[%emt 0:01:21]} 41. Be2 {[%emt 0:52:01]} Qc3+ {[%emt 0:06:46]} 1/2-1/2

[Event "94th Tradewise Hastings Congress"]
[Site "Hastings"]
[Date "2018.12.28"]
[Round "1"]
[White "Rolvag, Mikael"]
[Black "Lyell, Mark"]
[Result "1/2-1/2"]
[WhiteElo "2107"]
[BlackElo "2317"]
[Annotator "NA"]
[PlyCount "91"]
[EventDate "2018.12.28"]
[EventType "swiss"]
[EventCountry "ENG"]
[TimeControl "40/6000+30:3000+30"]

1. c4 {[%emt 0:00:00]} e5 {[%emt 0:00:00]} 2. g3 {[%emt 0:00:05]} Nf6 {[%emt 0:00:07]} 3. Bg2 {[%emt 0:00:15]} h6 {[%emt 0:00:13]} 4. Nc3 {[%emt 0:05:22]} Bb4 {[%emt 0:00:17]} 5. e4 {[%emt 0:08:44]} O-O {[%emt 0:00:47]} 6. Nge2 {[%emt 0:04:11]} Nc6 {[%emt 0:01:45]} 7. O-O {[%emt 0:02:10]} d6 {[%emt 0:02:29]} 8. h3 {[%emt 0:05:23]} Be6 {[%emt 0:10:38]} 9. Nd5 {[%emt 0:02:24]} Bc5 {[%emt 0:00:24]} 10. Kh2 {[%emt 0:06:12]} Nh7 {[%emt 0:06:01]} 11. f4 {[%emt 0:03:52]} f5 {[%emt 0:00:27]} 12. exf5 {[%emt 0:02:31]} Bxf5 {[%emt 0:01:13]} 13. d3 {[%emt 0:00:25]} Qd7 {[%emt 0:03:48]} 14. a3 {[%emt 0:05:07]} a5 {[%emt 0:06:58]} 15. Nec3 {[%emt 0:04:40]} Nd4 {[%emt 0:04:10]} 16. Ne4 {[%emt 0:03:43]} Bxe4 {[%emt 0:06:49]} 17. Bxe4 {[%emt 0:06:41]} c6 {[%emt 0:00:24]} 18. Nc3 {[%emt 0:00:20]} Nf6 {[%emt 0:01:32]} 19. Bg2 {[%emt 0:02:29]} Rad8 {[%emt 0:08:30]} 20. Rb1 {[%emt 0:01:28]} Nf5 {[%emt 0:05:39]} 21. Ne4 {[%emt 0:04:50]} Nxe4 {[%emt 0:06:01]} 22. dxe4 {[%emt 0:01:49]} Ne3 {[%emt 0:00:25]} 23. Bxe3 {[%emt 0:00:14]} Bxe3 {[%emt 0:00:05]} 24. f5 {[%emt 0:00:25]} Bd4 {[%emt 0:07:54]} 25. Qe2 {[%emt 0:06:36]} Rc8 {[%emt 0:03:00]} 26. Bf3 {[%emt 0:01:20]} b5 {[%emt 0:00:38]} 27. Bg4 {[%emt 0:01:00]} Rf6 {[%emt 0:01:09]} 28. b3 {[%emt 0:02:19]} b4 {[%emt 0:03:57]} 29. a4 {[%emt 0:01:24]} Qa7 {[%emt 0:03:01]} 30. Rbc1 {[%emt 0:01:00]} Rcf8 {[%emt 0:04:17]} 31. h4 {[%emt 0:09:30]} Qb7 {[%emt 0:01:30]} 32. Bh5 {[%emt 0:02:35]} Qa7 {[%emt 0:01:53]} 33. Rcd1 {[%emt 0:00:34]} Rd8 {[%emt 0:00:26]} 34. Rd3 {[%emt 0:01:14]} Qb7 {[%emt 0:04:03]} 35. Bf3 {[%emt 0:00:50]} Qe7 {[%emt 0:03:07]} 36. Bg2 {[%emt 0:00:29]} Rff8 {[%emt 0:07:09]} 37. Qe1 {[%emt 0:06:07]} Qf6 {[%emt 0:02:30]} 38. Qe2 {[%emt 0:05:08]} Kf7 {[%emt 0:00:41]} 39. Bh3 {[%emt 0:01:28]} Ke7 {[%emt 0:00:50]} 40. Rdd1 {[%emt 0:00:31]} Rd7 {[%emt 0:02:07]} 41. Qh5 {[%emt 0:52:56]} Kd8 {[%emt 0:51:41]} 42. Rd3 {[%emt 0:00:33]} Kc7 {[%emt 0:01:06]} 43. g4 {[%emt 0:00:31]} Qd8 {[%emt 0:00:00]} 44. Bg2 {[%emt 0:00:00]} Rh8 {[%emt 0:00:00]} 45. Rh3 {[%emt 0:00:00]} Qf8 {[%emt 0:00:00]} 46. Qg6 {[%emt 0:00:00]} 1/2-1/2

[Event "94th Tradewise Hastings Congress"]
[Site "Hastings"]
[Date "2018.12.28"]
[Round "1"]
[White "Willson, Ollie"]
[Black "Stefansson, Vignir Vatnar"]
[Result "0-1"]
[WhiteElo "2081"]
[BlackElo "2271"]
[Annotator "NA"]
[PlyCount "90"]
[EventDate "2018.12.28"]
[EventType "swiss"]
[EventCountry "ENG"]
[TimeControl "40/6000+30:3000+30"]

1. d4 {[%emt 0:00:00]} f5 {[%emt 0:00:00]} 2. Bg5 {[%emt 0:00:00]} h6 {[%emt 0:00:09]} 3. Bh4 {[%emt 0:00:00]} g5 {[%emt 0:00:12]} 4. e3 {[%emt 0:00:00]} Nf6 {[%emt 0:00:08]} 5. Bg3 {[%emt 0:00:00]} d6 {[%emt 0:00:33]} 6. h4 {[%emt 0:00:10]} g4 {[%emt 0:00:05]} 7. Nc3 {[%emt 0:00:07]} Nh5 {[%emt 0:08:32]} 8. Nge2 {[%emt 0:05:56]} Bg7 {[%emt 0:07:32]} 9. Qd3 {[%emt 0:08:08]} O-O {[%emt 0:07:45]} 10. O-O-O {[%emt 0:08:54]} e6 {[%emt 0:13:43]} 11. Nf4 {[%emt 0:04:11]} Nxf4 {[%emt 0:04:40]} 12. Bxf4 {[%emt 0:00:13]} Qe8 {[%emt 0:00:13]} 13. f3 {[%emt 0:17:48]} Nc6 {[%emt 0:04:53]} 14. fxg4 {[%emt 0:14:06]} fxg4 {[%emt 0:00:09]} 15. Bg3 {[%emt 0:00:24]} Ne7 {[%emt 0:09:16]} 16. e4 {[%emt 0:11:33]} Nc6 {[%emt 0:01:30]} 17. Qe3 {[%emt 0:07:22]} e5 {[%emt 0:03:14]} 18. d5 {[%emt 0:00:41]} Nd4 {[%emt 0:06:33]} 19. Bd3 {[%emt 0:04:33]} c5 {[%emt 0:09:03]} 20. Rdf1 {[%emt 0:08:08]} Rxf1+ {[%emt 0:01:45]} 21. Rxf1 {[%emt 0:00:38]} b5 {[%emt 0:02:02]} 22. Rf2 {[%emt 0:01:35]} a5 {[%emt 0:12:08]} 23. Nd1 {[%emt 0:02:11]} b4 {[%emt 0:01:04]} 24. Kb1 {[%emt 0:01:58]} a4 {[%emt 0:01:56]} 25. Qd2 {[%emt 0:02:53]} Bd7 {[%emt 0:08:34]} 26. Ne3 {[%emt 0:00:37]} a3 {[%emt 0:01:01]} 27. b3 {[%emt 0:00:53]} Qg6 {[%emt 0:00:17]} 28. Qd1 {[%emt 0:03:15]} h5 {[%emt 0:00:28]} 29. Qf1 {[%emt 0:02:17]} Rf8 {[%emt 0:00:51]} 30. Rxf8+ {[%emt 0:02:10]} Bxf8 {[%emt 0:00:06]} 31. Be1 {[%emt 0:00:42]} Bh6 {[%emt 0:01:01]} 32. Nc4 {[%emt 0:01:24]} Bb5 {[%emt 0:00:45]} 33. Nd2 {[%emt 0:02:09]} Bxd2 {[%emt 0:00:50]} 34. Bxd2 {[%emt 0:00:06]} Bxd3 {[%emt 0:03:00]} 35. Qxd3 {[%emt 0:01:38]} Qf6 {[%emt 0:00:14]} 36. Qa6 {[%emt 0:00:40]} Qd8 {[%emt 0:02:01]} 37. Bg5 {[%emt 0:00:24]} Qc7 {[%emt 0:00:28]} 38. Qa8+ {[%emt 0:00:12]} Kg7 {[%emt 0:00:04]} 39. Qe8 {[%emt 0:00:57]} Qf7 {[%emt 0:00:31]} 40. Qd8 {[%emt 0:00:26]} Ne2 {[%emt 0:01:21]} 41. Bc1 {[%emt 0:08:30]} Nc3+ {[%emt 0:00:41]} 42. Ka1 {[%emt 0:00:04]} Nxe4 {[%emt 0:00:20]} 43. c4 {[%emt 0:10:12]} bxc3 {[%emt 0:03:47]} 44. Qa8 {[%emt 0:07:40]} Qf1 {[%emt 0:00:35]} 45. Qxa3 {[%emt 0:01:02]} Kg6 {[%emt 0:00:16]} 0-1